000 00354nas a2200157 a 4500
001 36066
003 103442
005 20201118101228.0
008 ||||||n9999 ||| || ||
041 _aeng
245 0 _aTime - Vol.150 No.1,2,3,4,7-9
260 _aEstados Unidos :
_bTime,
_c1997.
562 _e1
773 _021966
_aTime
942 _cSISS
999 _c36066
_d36066